Statistics for Animals Word Search #2

Click here to take the quiz!

General Stats

  • This quiz has been taken 1,676 times
  • The average score is 10 of 13

Answers on the Map

Answers color-coded by a green-red scale on the quiz's map according to % correct below.
Loading ...
 

Answer Stats

First Letter# of LettersAnimal% Correct
D - G(6)Gorilla
100%
H - M(4)Lion
100%
H - M(6)Monkey
100%
A - C(5)Camel
99%
D - G(6)Gerbil
94%
A - C(7)Buffalo
90%
D - G(6)Ferret
85%
D - G(7)Giraffe
76%
N - Q(2)Ox
68%
D - G(3)Eel
66%
H - M(4)Hare
57%
D - G(3)Elk
32%
N - Q(4)Orca
23%

Score Distribution

Percentile by Number Answered

Percent of People with Each Score

Your Score History

You have not taken this quiz